Normal view
MARC view
- محمد علي حميض
Entry Personal Name
001 - CONTROL NUMBER
- control field: 65458
003 - CONTROL NUMBER IDENTIFIER
- control field: JO-AjAnu
005 - DATE AND TIME OF LATEST TRANSACTION
- control field: 20240611093839.0
008 - FIXED-LENGTH DATA ELEMENTS
- fixed length control field: 240611|| aca||aabn | a|a d
040 ## - CATALOGING SOURCE
- Original cataloging agency: JO-AjAnu
100 #0 - HEADING--PERSONAL NAME
- Personal name: محمد علي حميض
- Relator term: مؤلف مشارك